000 00863nam a22002777a 4500
003 CHAP
005 20220329140859.0
008 971013s1983 r 00010 d
010 _a59182
011 _a60154
035 _a64314
040 _cCHAP
090 _aFolleto 11222
110 _aPrograma de las Naciones Unidas para el Medio Ambiente
_992307
245 _aGuidelines for post harvest food loss reduction activities
260 _a(Washington) :
_bThe Office,
_c1983
300 _a47 p.
590 _aBATCH-UPD
_b10
_c20130110
_lUCH01
_h1200
590 _aBATCH-UPD
_b10
_c20130410
_lUCH01
_h0743
590 _aBATCH-UPD
_b10
_c20130914
_lUCH01
_h1052
590 _aCONVERSION
_b10
_c20130109
_lUCH01
_h1332
650 1 4 _aCosechas
_xPérdidas de.
_928443
901 _aBK
942 _cFOLL
949 _aFolleto 11222
_bBC
_cFOLL
_d-140076
_eTS1
_i64314
_mD
_si
999 _c59182
_d59182